000 00618nam a2200181 a 4500
001 3022
005 20140414132118.0
008 060119s19uu xx 00 eng d
020 _a0-439-55374-1
050 _aTR 421.07
_bM73 2004
100 _aMolengraft, Lisa
245 _aSpelling workbook, Grade 3 :
_cby Lisa Molengraft.
_bscholastic success with . . /
260 _aNew York :
_bScholastic,
_c2004.
300 _a48 p. : ill. ; cm.
500 _aIncludes: spelling rules; homophones; compound words; commonly mispelled words.
650 _aEnglish language
_xSpelling
_xJuvenile literature.
999 _c114980
_d114980